书目信息 |
| 题名: |
大连接
|
|
| 作者: | 克里斯塔基斯 , 富勒 著 ;简学 译 | |
| 分册: | ||
| 出版信息: | 北京 北京联合出版公司 2017 |
|
| 页数: | 14,334页 | |
| 开本: | 23cm | |
| 丛书名: | ||
| 单 册: | ||
| 中图分类: | F062.5 | |
| 科图分类: | ||
| 主题词: | 网络经济--经济发展--研究 | |
| 电子资源: | ||
| ISBN: | 978-7-5596-0587-0 | |
| 000 | 01546nam0 2200301 450 | |
| 001 | 012001001882 | |
| 005 | 20140921103355.0 | |
| 010 | @a978-7-5596-0587-0@dCNY79.90 | |
| 100 | @a20180513d2017 em y0chiy50 ea | |
| 101 | 1 | @achi@ceng |
| 102 | @aCN@b110000 | |
| 105 | @ay z 000yy | |
| 106 | @ar | |
| 200 | 1 | @a大连接@9da lian jie@e社会网络是如何形成的以及对人类现实行为的影响@dConnected: the surprising power of our social networks and how they shape our lives@e经典版@f(美)尼古拉斯·克里斯塔基斯(Nicholas A. Christakis), (美)詹姆斯·富勒(James H. Fowler)著@g简学译@zeng |
| 210 | @a北京@c北京联合出版公司@d2017 | |
| 215 | @a14,334页@d23cm | |
| 305 | @a由Nicholas A. Christakis和James H. Fowler授权出版 | |
| 306 | @a本书限中国大陆发行 | |
| 330 | @a本书讲述了社会网络是如何形成的以及对人类现实行为的影响,如对人类的情绪、亲密关系、健康、经济的运行和政治的影响等,并特别指出,三度影响力(即朋友的朋友的朋友也能影响到你)是社会化网络的强连接原则,决定着社会化网络的功能。 | |
| 510 | 1 | @aConnected@ethe surprising power of our social networks and how they shape our lives@zeng |
| 517 | 1 | @a社会网络是如何形成的以及对人类现实行为的影响@9she hui wang luo shi ru he xing cheng de yi ji dui ren lei xian shi xing wei de ying xiang |
| 606 | 0 | @a网络经济@x经济发展@x研究 |
| 690 | @aF062.5@v5 | |
| 701 | 1 | @c(美)@a克里斯塔基斯@9ke li si ta ji si@g(Christakis, Nicholas A.)@4著 |
| 701 | 1 | @c(美)@a富勒@9fu le@g(Fowler, James H.)@4著 |
| 702 | 0 | @a简学@9jian xue@4译 |
| 801 | 0 | @aCN@b上海新华@c20180901 |
| 905 | @b1044612-6@dF062.5@e164@f5 | |
| 大连接:社会网络是如何形成的以及对人类现实行为的影响=Connected: the surprising power of our social networks and how they shape our lives:经典版/(美)尼古拉斯·克里斯塔基斯(Nicholas A. Christakis), (美)詹姆斯·富勒(James H. Fowler)著/简学译.-北京:北京联合出版公司,2017 |
| 14,334页;23cm |
| ISBN 978-7-5596-0587-0:CNY79.90 |
| 本书讲述了社会网络是如何形成的以及对人类现实行为的影响,如对人类的情绪、亲密关系、健康、经济的运行和政治的影响等,并特别指出,三度影响力(即朋友的朋友的朋友也能影响到你)是社会化网络的强连接原则,决定着社会化网络的功能。 |
| ● |
| 相关链接 |
|
|
|
|
正题名:大连接
索取号:F062.5/164
 
预约/预借
| 序号 | 登录号 | 条形码 | 馆藏地/架位号 | 状态 | 备注 |
| 1 | 1044612 | 210446123 | 第一样本阅览室/ [索取号:F062.5/164] | 在馆 | |
| 2 | 1044613 | 210446132 | 密集书库-海洋学院/ [索取号:F062.5/164] | 在馆 | |
| 3 | 1044614 | 210446141 | 第一借阅区/ [索取号:F062.5/164] | 在馆 | |
| 4 | 1044615 | 210446150 | 第一借阅区/ [索取号:F062.5/164] | 在馆 | |
| 5 | 1044616 | 210446169 | 第一借阅区/ [索取号:F062.5/164] | 在馆 |